header

Marriages and Families: making choices in a diverse society (Record no. 257333)

MARC details
000 -LEADER
fixed length control field 00348nam a22001337a 4500
020 ## - INTERNATIONAL STANDARD BOOK NUMBER
ISBN 0534525113x
022 ## - INTERNATIONAL STANDARD SERIAL NUMBER
ISSN 99033896
082 ## - DEWEY DECIMAL CLASSIFICATION NUMBER
Classification number HQ734
Item number .L23 1999
100 ## - MAIN ENTRY--AUTHOR NAME
Personal name Lamanna Mary ann and RiedmannAgness
245 ## - TITLE STATEMENT
Title Marriages and Families: making choices in a diverse society
250 ## - EDITION STATEMENT
Edition statement 7th edn.
260 ## - PUBLICATION, DISTRIBUTION, ETC. (IMPRINT)
Name of publisher Wadsworth
Year of publication 1999
942 ## - ADDED ENTRY ELEMENTS (KOHA)
Koha item type Long Loan Books

No items available.

© 2026 Rongo University
Contact us: librarian | system librarian | Rongo university